Statistics for 1930 FIFA World Cup Results

Click here to take the quiz!

General Stats

  • This quiz has been taken 5,172 times
  • The average score is 10 of 13

Answers on the Map

Answers color-coded by a green-red scale on the quiz's map according to % correct below.
 

Answer Stats

Nation% Correct
Uruguay
98%
Brazil
97%
Argentina
96%
United States
93%
France
87%
Mexico
84%
Chile
78%
Peru
69%
Paraguay
65%
Bolivia
62%
Yugoslavia
55%
Belgium
51%
Romania
33%

Score Distribution

Percentile by Number Answered

Percent of People with Each Score

Your Score History

You have not taken this quiz